Statistics for All capital cities of powiats in Masovian Voivodeship

Click here to take the quiz!

General Stats

  • This quiz has been taken 46 times
  • The average score is 26 of 37

Answer Stats

HintAnswer% Correct
122 572Płock
100%
1 729 119Warszawa
100%
217 834Radom
97%
52 792Ostrołęka
95%
76 585Siedlce
95%
59 796Pruszków
89%
40 028Mińsk Mazowiecki
87%
54 246Legionowo
82%
22 435Płońsk
82%
44 673Ciechanów
79%
45 270Piaseczno
79%
28 361Nowy Dwór Mazowiecki
76%
37 418Wołomin
76%
17 160Garwolin
74%
16 430Grójec
74%
19 229Pułtusk
74%
30 893Mława
71%
45 073Otwock
71%
8 988Żuromin
71%
41 056Żyrardów
71%
29 988Grodzisk Mazowiecki
68%
37 333Sochaczew
68%
18 150Kozienice
66%
22 770Ostrów Mazowiecka
66%
18 468Sierpc
66%
12 030Szydłowiec
63%
12 814Węgrów
63%
7 122Białobrzegi
58%
7 111Łosice
58%
8 072Zwoleń
58%
17 337Przasnysz
55%
18 730Sokołów Podlaski
53%
27 205Wyszków
53%
5 769Lipsko
50%
19 026Gostynin
47%
6 135Przysucha
47%
10 098Maków Mazowiecki
45%

Score Distribution

Percentile by Number Answered

Percent of People with Each Score

Your Score History

You have not taken this quiz